000 00848nam a2200253 a 4500
001 53452
003 BD-RjUL
005 20211209075949.0
008 161015s1948 enka b 001 0 eng
035 _a(BD-RjUL)53572
040 _aDLC
_cOClU
_dOCoLC
_dBD-RjUL
_beng
041 _aeng
082 _a547.7
_223
_bSCP 1948
100 1 _aSchmidt, Alois X.
_9159783
245 1 0 _aPrinciples of high-polymer theory and practice :
_bfibers, plastics, rubbers, coatings, adhesives /
_cby Alois X. Schmidt and Charles A. Marlies.
260 _aNew York ;
_bMcGraw-Hill Book Co.,
_c1948.
300 _axii, 743 p. :
_bill. ;
_c24 cm.
490 0 _aChemical engineering series
500 _aIncludes index
650 0 _aPolymers.
_9159784
700 1 _aMarlies, Charles Angell,
_d1905-
_ejoint author.
_9159785
942 _2ddc
_cBK
999 _c53452
_d53452